Ukraine War’s Impact on European Conventional and Renewable Energy Stocks

Táto štúdia sa zameriava na preskúmanie vplyvu ruskej invázie na Ukrajinu na ceny akcií v energetickom sektore. Analyzuje abnormálne výnosy (AR) v energetickom sektore v Európe.

Na minha lista:
Detalhes bibliográficos
Autor principal: Sol Murta, Fátima
Outros Autores: Bacao, Pedro, Duarte, António Portugal, Moreira, Ana Carolina
Formato: Capítulo de Livro
Idioma:inglês
Assuntos:
Tags: Adicionar Tag
Sem tags, seja o primeiro a adicionar uma tag!

MARC

LEADER 00000naa a2200000 4500
001 0308621
005 20260116125053.1
041 0 |a eng 
044 |a GB 
245 1 0 |a Ukraine War’s Impact on European Conventional and Renewable Energy Stocks  |c Fátima Sol Murta, Pedro Bacao, António Portugal Duarte, Ana Moreira 
520 |a Táto štúdia sa zameriava na preskúmanie vplyvu ruskej invázie na Ukrajinu na ceny akcií v energetickom sektore. Analyzuje abnormálne výnosy (AR) v energetickom sektore v Európe. 
610 2 0 |a vojny 
610 2 0 |a Ukrajina 
610 2 0 |a Rusko 
610 2 0 |a energetika 
610 2 0 |a výnosy 
100 1 |a Sol Murta, Fátima 
700 1 |a Bacao, Pedro 
700 1 |a Duarte, António Portugal 
700 1 |a Moreira, Ana Carolina